Migration health and survival (Record no. 97757)

MARC details
000 -LEADER
fixed length control field nam a22 7a 4500
005 - DATE AND TIME OF LATEST TRANSACTION
control field 20190807113125.0
008 - FIXED-LENGTH DATA ELEMENTS--GENERAL INFORMATION
fixed length control field 190201b ||||| |||| 00| 0 eng d
020 ## - INTERNATIONAL STANDARD BOOK NUMBER
International Standard Book Number 9781785365966
080 ## - UNIVERSAL DECIMAL CLASSIFICATION NUMBER
Universal Decimal Classification number 314.15:364.69
Item number MIG
245 ## - TITLE STATEMENT
Title Migration health and survival
Remainder of title international perspectives
260 ## - PUBLICATION, DISTRIBUTION, ETC. (IMPRINT)
Name of publisher, distributor, etc Edward Elgar
Place of publication, distribution, etc Cheltenham
Date of publication, distribution, etc 2017
300 ## - PHYSICAL DESCRIPTION
Extent xv, 304p.
653 ## - INDEX TERM--UNCONTROLLED
Uncontrolled term Migration
653 ## - INDEX TERM--UNCONTROLLED
Uncontrolled term Health welfare
653 ## - INDEX TERM--UNCONTROLLED
Uncontrolled term Migrants - Mortality
700 ## - ADDED ENTRY--PERSONAL NAME
Personal name Trovato, Frank Ed.by
942 ## - ADDED ENTRY ELEMENTS (KOHA)
item type Books
Holdings
Lost status Source of classification or shelving scheme Not for loan Home library Current library Date acquired Total Checkouts Full call number Barcode Date last seen Price effective from Koha item type
  Universal Decimal Classification   University Library University Library 01/02/2019   314.15:364.69 MIG 00083788 01/02/2019 01/02/2019 Books
University Library, CUSAT